000 nam a22 7a 4500
999 _c3807
_d3807
005 20170524090403.0
008 170524b1989 ilu||||| |||| 00| 0 eng d
020 _a0673398447
040 _aAKMAL
082 _a808.0427 GOS
090 _a808.0427
_bGOS
245 0 0 _aExploring language /
_cedited by Gary Goshgarian.
250 _a5th ed.
260 _aGlenview, Ill. :
_bScott, Foresman,
_cc1989
300 _axviii, 472 p. :
_b ill. ;
_c23 cm
650 0 _aCollege readers.
_91469
650 0 _aEnglish language
_xRhetoric
_xProblems, exercises, etc.
_97493
650 0 _a Language and languages
_xProblems, exercises, etc.
_97537
650 0 _aReport writing
_xProblems, exercises, etc.
_97455
700 1 _aGoshgarian, Gary.
_97538
942 _2ddc
_cBOOK